[Event "FAI-ch"]
[Site "Klaksvik"]
[Date "2014.04.16"]
[Round "5"]
[White "Simonsen, Hans Kristian"]
[Black "Solsker, Tummas Martin"]
[Result "1-0"]
[WhiteElo "2184"]
[BlackElo "1948"]
[PlyCount "37"]
[EventDate "2014.04.12"]
[EventType "tourn"]
[EventRounds "9"]
[EventCountry "FAI"]
[SourceTitle "EXT 2016"]
[Source "ChessBase"]
[SourceDate "2015.10.08"]
[SourceVersion "1"]
[SourceVersionDate "2015.10.08"]
[SourceQuality "1"]

1. d4 Nf6 2. c4 e6 3. g3 d5 4. Bg2 dxc4 5. Qa4+ c6 6. Qxc4 b5 7. Qc2 Bb7 8. Nc3 b4 9. Ne4 Nxe4 10. Qxe4 Nd7 11. Nf3 Be7 12. 0-0 Rc8 13. Bf4 Nf6 14. Qd3 Qb6 15. Ne5 Nd5 16. Rac1 Nxf4 17. gxf4 c5 18. dxc5 Qc7 19. Qb5+ 1-0

[Event "FAI-ch"]
[Site "Klaksvik"]
[Date "2014.04.13"]
[Round "2"]
[White "Nolsoe, Rani"]
[Black "Solsker, Tummas Martin"]
[Result "1-0"]
[WhiteElo "2060"]
[BlackElo "1948"]
[PlyCount "131"]
[EventDate "2014.04.12"]
[EventType "tourn"]
[EventRounds "9"]
[EventCountry "FAI"]
[SourceTitle "EXT 2016"]
[Source "ChessBase"]
[SourceDate "2015.10.08"]
[SourceVersion "1"]
[SourceVersionDate "2015.10.08"]
[SourceQuality "1"]

1. e4 e5 2. Nf3 Nf6 3. Nxe5 d6 4. Nf3 Nxe4 5. d4 d5 6. Bd3 Nc6 7. 0-0 Be7 8. c4 Nf6 9. Nc3 Be6 10. c5 Bg4 11. Be3 0-0 12. h3 Bh5 13. Be2 Re8 14. Qa4 Ne4 15. Rfe1 Bf6 16. Rad1 h6 17. Qb3 Nxc3 18. bxc3 Na5 19. Qa4 c6 20. Nd2 Bxe2 21. Rxe2 Qc7 22. Rde1 Re6 23. Bf4 Qxf4 24. Qxa5 Bd8 25. Qa3 Bc7 26. Nf3 Rg6 27. Re8+ Kh7 28. Kf1 Rxe8 29. Rxe8 Qf5 30. Ne1 Rf6 31. Qb2 Bg3 32. Nf3 Qd3+ 33. Kg1 Bf4 34. Qxb7 Rg6 35. Qc8 Qb1+ 36. Re1 Qd3 37. Kh1 Qc2 38. Re8 Qb1+ 39. Ng1 Rf6 40. Rh8+ Kg6 41. Qg4+ Bg5 42. Kh2 Qf5 43. Qxf5+ Kxf5 44. Nf3 Ke4 45. Ra8 Kd3 46. Rxa7 Kxc3 47. a4 Bf4+ 48. Kg1 Kc4 49. Rb7 Re6 50. a5 Re2 51. g3 Bc1 52. a6 Ra2 53. a7 f6 54. Rxg7 Ra3 55. Rf7 Bb2 56. Rxf6 Rxa7 57. Rxh6 Bxd4 58. Rh4 Ra1+ 59. Kg2 Rd1 60. Rxd4+ Rxd4 61. Nxd4 Kxd4 62. h4 Ke4 63. h5 d4 64. h6 d3 65. Kf1 Kf3 66. Ke1 1-0

[Event "FAI-chT 1213"]
[Site "Faroe Islands"]
[Date "2013.03.09"]
[Round "10.2"]
[White "Joensen, Ingi Wiberg"]
[Black "Solsker, Tummas Martin"]
[Result "0-1"]
[WhiteElo "1541"]
[BlackElo "1927"]
[PlyCount "54"]
[EventDate "2012.10.28"]
[EventType "team-tourn"]
[EventRounds "10"]
[EventCountry "FAI"]
[SourceTitle "EXT 2014"]
[Source "ChessBase"]
[SourceDate "2013.11.20"]
[SourceVersion "1"]
[SourceVersionDate "2013.11.20"]
[SourceQuality "1"]
[WhiteTeam "Sandavagur II"]
[BlackTeam "Klaksvik II"]
[WhiteTeamCountry "FAI"]
[BlackTeamCountry "FAI"]

1. e4 c5 2. Nf3 d6 3. d4 cxd4 4. Nxd4 Nf6 5. Nc3 a6 6. Bg5 e6 7. f4 Be7 8. Qf3 Qc7 9. 0-0-0 Nbd7 10. g4 h6 11. Qh3 Nc5 12. Bg2 Bd7 13. Bxf6 Bxf6 14. g5 Bxd4 15. gxh6 Rxh6 16. Qg3 Rg6 17. Qf3 Bxc3 18. bxc3 Bc6 19. Rhe1 0-0-0 20. Bh3 f5 21. Rd4 Nxe4 22. Qe3 Qa5 23. Kb2 Rh6 24. Rb4 Rdh8 25. Bf1 Qc5 26. Qxc5 dxc5 27. Rb6 Kc7 0-1

[Event "FAI-chT 1213"]
[Site "Faroe Islands"]
[Date "2013.02.17"]
[Round "8.4"]
[White "Solsker, Tummas Martin"]
[Black "Andreasen, Jakup a Rogvi"]
[Result "1/2-1/2"]
[WhiteElo "1927"]
[BlackElo "1995"]
[PlyCount "52"]
[EventDate "2012.10.28"]
[EventType "team-tourn"]
[EventRounds "10"]
[EventCountry "FAI"]
[SourceTitle "EXT 2014"]
[Source "ChessBase"]
[SourceDate "2013.11.20"]
[SourceVersion "1"]
[SourceVersionDate "2013.11.20"]
[SourceQuality "1"]
[WhiteTeam "Klaksvik II"]
[BlackTeam "Vestmanna"]
[WhiteTeamCountry "FAI"]
[BlackTeamCountry "FAI"]

1. e4 c5 2. Nf3 Nc6 3. d3 d6 4. g3 e5 5. Bg2 Be7 6. 0-0 Be6 7. c3 Qd7 8. Re1 Bg4 9. Nbd2 h5 10. Nc4 h4 11. Ne3 Bh5 12. Qa4 hxg3 13. hxg3 Nf6 14. Nf5 Bf8 15. Bg5 Nh7 16. Bd2 g6 17. Ne3 Bh6 18. Nd5 Bxd2 19. Nxd2 Bg4 20. Nb6 axb6 21. Qxa8+ Nd8 22. Nc4 Ng5 23. Nxb6 Nf3+ 24. Kf1 Nd2+ 25. Kg1 Nf3+ 26. Kf1 Nd2+ 1/2-1/2

[Event "FAI-chT 1213"]
[Site "Faroe Islands"]
[Date "2013.01.19"]
[Round "6.3"]
[White "Vang, Finnbjorn"]
[Black "Solsker, Tummas Martin"]
[Result "1-0"]
[WhiteElo "2034"]
[BlackElo "1927"]
[PlyCount "61"]
[EventDate "2012.10.28"]
[EventType "team-tourn"]
[EventRounds "10"]
[EventCountry "FAI"]
[SourceTitle "EXT 2014"]
[Source "ChessBase"]
[SourceDate "2013.11.20"]
[SourceVersion "1"]
[SourceVersionDate "2013.11.20"]
[SourceQuality "1"]
[WhiteTeam "Klaksvik"]
[BlackTeam "Klaksvik II"]
[WhiteTeamCountry "FAI"]
[BlackTeamCountry "FAI"]

1. e4 c5 2. Nf3 Nc6 3. d4 cxd4 4. Nxd4 Nf6 5. Nc3 e5 6. Ndb5 d6 7. a4 Be6 8. Bg5 a6 9. Bxf6 gxf6 10. Na3 f5 11. Bc4 Bxc4 12. Nxc4 fxe4 13. Nxe4 Nd4 14. c3 Rc8 15. Ne3 Qh4 16. Qd3 f5 17. Ng3 f4 18. Nef5 Nxf5 19. Qxf5 Rd8 20. Ne4 Be7 21. 0-0-0 Rf8 22. Qe6 f3 23. Nxd6+ Rxd6 24. Rxd6 Qf4+ 25. Rd2 fxg2 26. Rg1 Qxh2 27. Qd7+ Kf7 28. Qd5+ Ke8 29. Qxg2 Qf4 30. Qxb7 Bg5 31. Qd7# 1-0